Western civilization : (Record no. 14707)

000 -LEADER
fixed length control field 01066cam a2200337 a 4500
001 - CONTROL NUMBER
control field 16000318
003 - CONTROL NUMBER IDENTIFIER
control field OSt
005 - DATE AND TIME OF LATEST TRANSACTION
control field 20170105102902.0
008 - FIXED-LENGTH DATA ELEMENTS--GENERAL INFORMATION
fixed length control field 091130s2010 mauab b 001 0deng
010 ## - LIBRARY OF CONGRESS CONTROL NUMBER
LC control number 2009942330
020 ## - INTERNATIONAL STANDARD BOOK NUMBER
International Standard Book Number 9780495901150 (complete)
020 ## - INTERNATIONAL STANDARD BOOK NUMBER
International Standard Book Number 0495901156 (complete)
020 ## - INTERNATIONAL STANDARD BOOK NUMBER
International Standard Book Number 9780495901174 (v. 1)
020 ## - INTERNATIONAL STANDARD BOOK NUMBER
International Standard Book Number 045901172 (v. 1)
020 ## - INTERNATIONAL STANDARD BOOK NUMBER
International Standard Book Number 9780495901167 (v. 2)
020 ## - INTERNATIONAL STANDARD BOOK NUMBER
International Standard Book Number 0495901164 (v. 2)
040 ## - CATALOGING SOURCE
Original cataloging agency DLC
Transcribing agency DLC
042 ## - AUTHENTICATION CODE
Authentication code pcc
050 00 - LIBRARY OF CONGRESS CALL NUMBER
Classification number CB245
Item number .P418 2010
082 ## - DEWEY DECIMAL CLASSIFICATION NUMBER
Classification number 909.09821
Author Mark PER 2010
100 1# - MAIN ENTRY--PERSONAL NAME
Personal name Perry, Marvin.
245 10 - TITLE STATEMENT
Title Western civilization :
Remainder of title a brief history /
Statement of responsibility, etc. Marvin Perry ; George W. Bock, editorial associate.
250 ## - EDITION STATEMENT
Edition statement 7th ed.
260 ## - PUBLICATION, DISTRIBUTION, ETC.
Place of publication, distribution, etc. Boston, MA :
Name of publisher, distributor, etc. Wadsworth/Cengage,
Date of publication, distribution, etc. 2010.
300 ## - PHYSICAL DESCRIPTION
Extent xvi, 562 p. :
Other physical details ill., maps ;
Dimensions 24 cm.
504 ## - BIBLIOGRAPHY, ETC. NOTE
Bibliography, etc. note Includes bibliographical references and index.
650 #0 - SUBJECT ADDED ENTRY--TOPICAL TERM
Topical term or geographic name entry element Civilization, Western
General subdivision History
Form subdivision Textbooks.
906 ## - LOCAL DATA ELEMENT F, LDF (RLIN)
a 7
b cbc
c orignew
d 2
e epcn
f 20
g y-gencatlg
942 ## - ADDED ENTRY ELEMENTS (KOHA)
Source of classification or shelving scheme
Koha item type Book
Holdings
Withdrawn status Lost status Damaged status Not for loan Collection code Permanent Location Current Location Shelving location Date acquired Total Checkouts Full call number Barcode Date last seen Price effective from Koha item type
          Centre for International Peace & Stability (CIPS) Centre for International Peace & Stability (CIPS) General Stacks 09/16/2013   909.09821 PER 2010 CIPS0001116 10/11/2013 10/11/2013 Book
© 2023 Central Library, National University of Sciences and Technology. All Rights Reserved.